000 01827nam0a2200361 4500
001 RU\NLR\bibl\1680597
005 20241214190534.0
020 _aRU
_b00-9486
_9Летопись авторефератов диссертаций
021 _aRU
_b2010-8985а
_9360аа
035 _a(NLR Aleph) 001671805
090 _a1046205
_c1046205
100 _a20100412d2009 u u0rusy50 ca
101 0 _arus
102 _aRU
105 _ay dm |||||
200 1 _aОсобенности формирования системы средств подчинительной связи в диахронии
_e(на материале английского и французского языков)
_eавтореферат диссертации на соискание ученой степени кандидата филологических наук
_eспециальность 10.02.19 <Теория языка>
_fХватаева Наталия Петровна
_g[Глазов. гос. пед. ин-т им. В. Г. Короленко]
210 _aИжевск
_d2009
215 _a19 с.
_d21
320 _aБиблиогр.: с. 18-19 (7 назв.)
327 0 _aМесто защиты: Удмурт. гос. ун-т
675 _a80/81
_v3
_zrus
686 _a16.41
_2rugasnti
686 _a81
_2rubbk
686 _a10.02.19
_2oksvnk
700 1 _4070
_aХватаева
_bН. П.
_cканд. филол. наук
_gНаталия Петровна
_9216026
_3RU\NLR\AUTH\770216082
801 0 _aRU
_bRKP
_c20100412
_gPSBO
801 1 _aRU
_bRKP
_c20100412
801 2 _aRU
_bNLR
_c20100930
_grcr
901 _eАвторефераты
942 _cBOOK
981 1 0 _a(10) Авторефераты